[Event "Athens ChessSquare Celebration op"]
[Site "Athens"]
[Date "2016.11.12"]
[Round "2"]
[White "Banos, Polyhronis"]
[Black "Nikolaou, Georgios"]
[Result "0-1"]
[WhiteElo "1750"]
[BlackElo "2189"]
[PlyCount "76"]
[EventDate "2016.11.05"]
[EventType "swiss"]
[EventRounds "7"]
[EventCountry "GRE"]
[SourceTitle "EXT 2024"]
[Source "ChessBase"]
[SourceDate "2023.10.10"]
[SourceVersion "1"]
[SourceVersionDate "2023.10.10"]
[SourceQuality "1"]

1. e4 c5 2. Nc3 e6 3. g3 Nc6 4. Bg2 Nf6 5. d3 Be7 6. f4 d5 7. e5 Nd7 8. Nf3 Rb8 9. a4 a6 10. 0-0 b5 11. axb5 axb5 12. Ne2 0-0 13. d4 Qb6 14. Be3 f6 15. c3 b4 16. Qd3 Na5 17. cxb4 cxb4 18. exf6 Nxf6 19. Ne5 Ba6 20. Qd1 Bd6 21. Qa4 Bxe2 22. Qxa5 Qxa5 23. Rxa5 Bxf1 24. Bxf1 Ra8 25. Rxa8 Rxa8 26. Bh3 Re8 27. Kf1 Kf8 28. Ke2 Rc8 29. Kd3 Ke7 30. Nf3 h6 31. Nh4 Kf7 32. Nf3 g6 33. Ne5+ Bxe5 34. dxe5 Ne4 35. Bg4 Rc4 36. Bd1 Nc5+ 37. Kd2 d4 38. Bg1 b3 0-1